Niall Horan songs 2023 - Statistics

General Stats
  • This quiz has been taken 141 times
  • The average score is 31 of 41
Answer Stats
Answer % Correct
The Show
99%
Flicker
97%
Heartbreak Weather
97%
Black And White
89%
Slow Hands
88%
Science
87%
This Town
87%
Meltdown
86%
Heaven
85%
Nice To Meet Ya
85%
You Could Start A Cult
83%
Mirrors
80%
San Francisco
80%
Everywhere
78%
No Judgement
78%
Still
78%
Must Be love
77%
Never Grow Up
77%
On The Loose
77%
Put A Little Love On me
77%
On A Night Like Tonight
74%
Small Talk
74%
If You Leave Me
73%
On My Own
72%
Dear Patience
71%
Paper Houses
71%
Cross Your Mind
70%
Seeing Blind
70%
Too Much To Ask
70%
The Tide
69%
Bend The Rules
68%
Our Song
68%
Fire Away
67%
Save My Life
67%
New Angel
66%
Moral Of The Story
65%
Arms Of A Stranger
64%
Since We're Alone
63%
You And Me
63%
Finally Free
55%
What A Time
47%
No matching quizzes found
Score Distribution
Percent of People with Each Score
Percentile by Number Answered
Your Score History
You have not taken this quiz